|
|
|
|
| LEADER |
01323nam a22002777a 4500 |
| 001 |
32455 |
| 003 |
BD-DhAAL |
| 005 |
20241208141035.0 |
| 008 |
171203s2006 bg a|||| |||| 00| 0 eng d |
| 040 |
|
|
|a BD-DhAAL
|c BD-DhAAL
|
| 082 |
|
|
|a 362.1095492
|2 22
|
| 245 |
|
|
|a Research reports.
|f (2006) :
|b health studies.
|n Volume XXXIX.
|
| 264 |
|
|
|a Dhaka :
|b BRAC, Research and Evaluation Division,
|c 2006.
|
| 300 |
|
|
|a 199 pages :
|b illustrations ;
|c 30 cm.
|
| 362 |
|
|
|a Vol. 40
|
| 504 |
|
|
|a Includes bibliographical references.
|
| 541 |
|
|
|a BRAC
Complimentary copy from BRAC
|e 32455, 42961
|
| 610 |
|
|
|a BRAC.
|9 14405
|
| 650 |
|
|
|a Public health
|z Bangladesh.
|9 14406
|
| 650 |
|
|
|a Rural development
|z Bangladesh.
|9 24136
|
| 710 |
|
|
|a BRAC.
|b Research and Evaluation Division.
|9 14405
|
| 852 |
|
|
|a Ayesha Abed Library
|c BRAC Resource Section
|
| 942 |
|
|
|2 ddc
|c BK
|
| 999 |
|
|
|c 38733
|d 38733
|
| 952 |
|
|
|0 0
|1 0
|2 ddc
|4 0
|6 362_109549200000000_RES
|7 1
|8 RPT
|9 62136
|a BRACUL
|b BRACUL
|c BRS
|d 2024-08-27
|e BRAC
|l 0
|o 362.1095492 RES
|p 3010032455
|r 2017-12-03
|t 1
|y BK
|x BRAC; Price not available in register.
|
| 952 |
|
|
|0 0
|1 0
|2 ddc
|4 0
|6 362_109549200000000_RES
|7 1
|8 RPT
|9 76063
|a BRACUL
|b BRACUL
|c BRS
|d 2024-08-27
|e Complimentary copy from BRAC
|l 0
|o 362.1095492 RES
|p 3010042961
|r 2024-08-27
|t 2
|w 2024-08-27
|y BK
|x Complimentary copy from BRAC; Price not available in register.
|